Famous Insults - Statistics

General Stats
  • This quiz has been taken 1,391 times
  • The average score is 4 of 12
Answer Stats
Insult Source Target % Correct
If we let Crooked run the government, history will remember 2017 as the year America lost its independence.” Donald Trump Hillary Clinton
80%
"Every time I read Pride And Prejudice, I want to dig ____ ______ up and hit her over the skull with her own shin bone." Mark Twain Jane Austen
78%
"I made that b**** famous" Kanye West Taylor Swift
67%
"Creole bastard."* John Adams Alexander Hamilton
34%
"What a genius, that _______… It’s a pity he doesn’t paint." Marc Chagall Pablo Picasso
34%
"____ screams worse than a parrot. The only thing I envy him is his dullness. I wish I could copy his peculiar lack of inspiration." Andre Agassi Pete Sampras
32%
" _____ doesn't dye his hair - he's just permanently orange." Gerald Ford Ronald Reagan
25%
"He cannot kick with his left foot, he cannot head a ball, he cannot tackle and he doesn’t score many goals. Apart from that he’s all right." George Best David Beckham
18%
“He has never been known to use a word that might send a reader to the dictionary.” William Faulkner Ernest Hemingway
18%
"You know, I hate your plays. Shakespeare was a bad writer, and I consider your plays even worse than his.”* Leo Tolstoy Anton Chekhov
10%
"____ _____, who was killed off by one critique,/Just as he really promised something great,/If not intelligible, —without Greek/Contrived to talk about the Gods of late,/Much as they might have been supposed to speak." Lord Byron John Keats
7%
"A vile, hideous human being with no redeeming qualities." Boy George Madonna
4%
No matching quizzes found
Score Distribution
Percent of People with Each Score
Percentile by Number Answered
Your Score History
You have not taken this quiz